| 000 | 00000nas 2200000za 4500 |
| 001 | 9.832964 |
| 003 | CaOODSP |
| 005 | 20221107150117 |
| 007 | cr ||||||||||| |
| 008 | 170223d19831984oncar p oss f0###b0fre|d |
| 022 | |y0831-4209 |
| 040 | |aCaOODSP|bfre |
| 041 | |afre|aeng |
| 043 | |an-cn--- |
| 086 | 1 |aCS43-207-PDF |
| 245 | 00|aElectrical industrial equipment industries |h[ressource électronique] / |cStatistics Canada, Industry Division, Census of Manufactures Section = Industrie du matériel électrique d'usage industriel / Statistique Canada, Division de l'industrie, Section du recensement des manufactures. |
| 246 | 11|aIndustrie du matériel électrique d'usage industriel |
| 260 | |aOttawa : |bStatistics Canada = Statistique Canada, |c1985-1986. |
| 310 | |aAnnuel |
| 362 | 0 |a1983-1984. |
| 500 | |aÉdition numérisée de l’imprimé [par Statistique Canada]. |
| 546 | |aTexte en anglais et en français. |
| 580 | |aFusionné avec: Communications and other electronic equipment industries; Communications and energy wire and cable industry; Appliances, radio and television manufacturers; et, Miscellaneous electrical industries, et devient: Electrical and electronic products industries. |
| 692 | 07|2gccst|aTechnologie industrielle |
| 692 | 07|2gccst|aStatistique |
| 710 | 1 |aCanada. |bStatistique Canada. |bSection du recensement des manufactures. |
| 780 | 00|tManufacturers of electrical industrial equipment |w(CaOODSP)9.832960 |
| 785 | 00|tElectrical and electronic products industries |w(CaOODSP)9.833031 |
| 791 | |tElectrical industrial equipment industries |eeng|w(CaOODSP)9.832963 |